[Event "Beersheba"]
[Site "Beersheba"]
[Date "1996.??.??"]
[Round "6"]
[White "Yudasin, Leonid"]
[Black "Bykhovsky, Avigdor"]
[Result "1/2-1/2"]
[WhiteElo "2635"]
[BlackElo "2405"]

1.e4 e6 2.d4 d5 3.Nc3 Bb4 4.e5 Ne7 5.a3 Bxc3+ 6.bxc3 b6 7.Qg4 Ng6 8.g3 Ba6
9.Bg2 Nc6 10.h4 h5 11.Qd1 Nge7 12.Nh3 Qd7 13.Nf4 g6 14.Nd3 Nf5 15.O-O Nce7
16.a4 Rc8 17.Bg5 Bxd3 18.Qxd3 c5 19.Bf6 O-O 20.Qd2 Kh7 21.a5 b5 22.a6 cxd4
23.cxd4 Rc4 24.Rfb1 Nxd4 25.Bxe7 Qxe7 26.c3 Nc6 27.Rxb5 Nxe5 28.Rb7 Qc5 29.Re1 d4
30.cxd4 Rxd4 31.Qg5 Nd7 32.Rc1 Qd6 33.Rxa7 Ne5 34.Rf1 Rd1 35.Qe3 Ng4 36.Qf3 Rxf1+
37.Bxf1 Ne5 38.Qe4 Rc8 39.Rb7 Rc1 40.Rb1 Nf3+ 41.Qxf3 Rxb1 42.Qxf7+ Kh6 43.Qe8 Rxf1+
44.Kxf1 Qxa6+ 45.Kg2 Kg7 46.Qe7+ Kg8  1/2-1/2

[Event "Beersheba"]
[Site "Beersheba"]
[Date "1996.??.??"]
[Round "8"]
[White "Yudasin, Leonid"]
[Black "Tunik, Gennady"]
[Result "1/2-1/2"]
[WhiteElo "2635"]
[BlackElo "2475"]

1.e4 c5 2.Nf3 e6 3.d4 cxd4 4.Nxd4 Nc6 5.Nb5 d6 6.c4 Nf6 7.N1c3 a6 8.Na3 Be7
9.g3 O-O 10.Bg2 Bd7 11.O-O Qb8 12.Be3 Ne5 13.Qe2 Rc8 14.f4 Ng6 15.Rac1 h5
16.h3 b5 17.cxb5 axb5 18.e5 dxe5 19.Bxa8 exf4 20.gxf4 b4 21.Bh1 bxc3 22.Rf2 Nd5
23.Bxd5 exd5 24.Nb1 Bf6 25.Nxc3 d4 26.Nd5 dxe3 27.Nxf6+ gxf6 28.Rxc8+ Qxc8
29.Qxe3 Bxh3 30.b4 Qg4+ 31.Kh2 Qh4 32.Qg3 Qxg3+ 33.Kxg3 Bd7 34.Rd2 h4+ 35.Kh2 Ba4
36.Rd8+ Kg7 37.Ra8 Bc6 38.Ra6 Bf3 39.b5 Nxf4 40.b6 Nd3 41.Ra3 Ne5 42.Ra7 Kg6
43.b7  1/2-1/2

[Event "EUCup f"]
[Site "Budapest"]
[Date "1996.??.??"]
[Round "1"]
[White "Glek, Igor V"]
[Black "Yudasin, Leonid"]
[Result "0-1"]
[WhiteElo "2670"]
[BlackElo "2595"]

1.e4 e5 2.Nf3 Nc6 3.Nc3 Nf6 4.g3 Nd4 5.Bg2 Nxf3+ 6.Qxf3 Bc5 7.O-O c6 8.h3 O-O
9.d3 Re8 10.g4 h6 11.Be3 Bxe3 12.fxe3 d6 13.Rf2 Be6 14.Qg3 Nh7 15.Kh2 Qb6
16.b3 Rad8 17.Ne2 d5 18.exd5 Bxd5 19.Nc3 Bxg2 20.Kxg2 Qa5 21.Ne4 Ng5 22.Nxg5 hxg5
23.h4 e4 24.d4 c5 25.hxg5 cxd4 26.Rh1 Qxg5 27.Rf5 Qxe3 28.Qc7 Qe2+ 29.Kg3 f6
30.Rxf6 gxf6 31.Rh7 Qe1+ 32.Kg2 Qd2+ 33.Kg1 Qd1+ 34.Kg2 Qxc2+ 35.Qxc2 Kxh7
36.Kg3 d3 37.Qc7+ Kg6  0-1

[Event "Calgary op"]
[Site "Calgary"]
[Date "1996.??.??"]
[Round "?"]
[White "Yudasin, Leonid"]
[Black "Spraggett, Kevin"]
[Result "1/2-1/2"]
[WhiteElo "2635"]
[BlackElo "2530"]

1.e4 c6 2.d4 d5 3.e5 c5 4.dxc5 Nc6 5.Bb5 e6 6.Qg4 Bd7 7.Bxc6 Bxc6 8.Nf3 h5
9.Qf4 Bxc5 10.O-O Nh6 11.Nbd2 Nf5 12.Nb3 Bb6 13.Nbd4 Nxd4 14.Nxd4 Bxd4 15.Qxd4 Qb6
16.Qh4 d4 17.Rd1 Qc5 18.Qxd4 Qxc2 19.Bg5 O-O 20.Rd3 Rfc8 21.h3 Bb5 22.Rd2  1/2-1/2

[Event "Calgary op"]
[Site "Calgary"]
[Date "1996.??.??"]
[Round "10"]
[White "Yudasin, Leonid"]
[Black "Ferguson, Bobby"]
[Result "1/2-1/2"]
[WhiteElo "2635"]
[BlackElo "2235"]

1.e4 e6 2.d4 d5 3.Nd2 Nf6 4.e5 Nfd7 5.f4 c5 6.c3 Nc6 7.Ndf3 cxd4 8.cxd4 f5
9.Bd3 Be7 10.Ne2 O-O 11.Rg1 Nb6 12.g4 a5 13.a3 a4 14.Nc3 Bd7 15.gxf5 exf5
16.Bc2 Kh8 17.Rb1 Be8 18.Qd3 Rc8 19.Be3 Bh5 20.Ng5 Qe8 21.Bf2 Nd8 22.Qh3 g6
23.Bd1 Bxg5 24.Bxh5 Ne6 25.Bxg6 Qxg6 26.fxg5 f4 27.Qh6 Qxh6 28.gxh6 Rg8 29.Kd2 Ng5
30.Kd3 Nf3 31.Rxg8+ Rxg8 32.b3 Rg2 33.Nd1 Rxh2 34.bxa4 Rxh6 35.Nc3 Ng5 36.a5 Rh3+
37.Kc2 Nc4 38.Rxb7 Nxa5 39.Rb5 Nc4 40.Rxd5 Rh2 41.Kd3 Nb2+ 42.Ke2 f3+ 43.Ke3 Nc4+
44.Kd3 Nb2+ 45.Ke3 Nc4+  1/2-1/2

[Event "Calgary op"]
[Site "Calgary"]
[Date "1996.??.??"]
[Round "10"]
[White "Yudasin, Leonid"]
[Black "Ferguson, Bobby"]
[Result "1/2-1/2"]
[WhiteElo "2635"]
[BlackElo "2235"]

1.Nf3 Nf6 2.c4 c6 3.d4 d6 4.Nc3 Nbd7 5.e4 e5 6.Be2 Be7 7.O-O O-O 8.Qc2 Re8
9.Rd1 Qc7 10.d5 a6 11.Bg5 cxd5 12.cxd5 b5  1/2-1/2

[Event "Haifa"]
[Site "Haifa"]
[Date "1996.??.??"]
[Round "2"]
[White "Huzman, Alexander"]
[Black "Yudasin, Leonid"]
[Result "1/2-1/2"]
[WhiteElo "2570"]
[BlackElo "2635"]

1.Nf3 c5 2.c4 Nf6 3.Nc3 e6 4.g3 b6 5.Bg2 Bb7 6.O-O Be7 7.d4 cxd4 8.Qxd4 Nc6
9.Qf4 O-O 10.Rd1 Qb8 11.e4 d6 12.b3 Ne5 13.Ba3 Ng6 14.Qe3 Re8 15.Bb2 Bf8
16.h3 a6 17.Qxb6 Nxe4 18.Nxe4 Bxe4 19.Qxb8 Raxb8 20.Nd4 Bxg2 21.Kxg2 Ne5
22.Rd2 Rbc8 23.Rad1 Nd7 24.Ne2 Nc5 25.Nc3 f5 26.Re2 Kf7 27.Bc1 Be7 28.Be3 Bf6
29.Bd4 Bxd4 30.Rxd4 Rc6  1/2-1/2

[Event "Haifa"]
[Site "Haifa"]
[Date "1996.??.??"]
[Round "4"]
[White "Psakhis, Lev"]
[Black "Yudasin, Leonid"]
[Result "1/2-1/2"]
[WhiteElo "2610"]
[BlackElo "2635"]

1.e4 e5 2.Nf3 Nf6 3.d4 exd4 4.e5 Ne4 5.Qxd4 d5 6.exd6 Nxd6 7.Nc3 Nc6 8.Qf4 Be7
9.Bd2 O-O 10.O-O-O Nf5 11.Bd3 Bd6 12.Qa4 Bd7  1/2-1/2

[Event "Haifa"]
[Site "Haifa"]
[Date "1996.??.??"]
[Round "6"]
[White "Sutovskij, Emil"]
[Black "Yudasin, Leonid"]
[Result "1/2-1/2"]
[WhiteElo "2545"]
[BlackElo "2635"]

1.e4 c6 2.d4 d5 3.e5 Bf5 4.Nf3 e6 5.Be2 Ne7 6.O-O Bg6 7.Nh4 c5 8.c3 Nbc6
9.Be3 Qb6 10.b3 Nf5 11.Nxf5 Bxf5 12.Bd3 Bxd3 13.Qxd3 Be7 14.Nd2  1/2-1/2

[Event "ISR-chT"]
[Site "Israel"]
[Date "1996.??.??"]
[Round "1"]
[White "Yudasin, Leonid"]
[Black "Gofshtein, Leonid D"]
[Result "1-0"]
[WhiteElo "2635"]
[BlackElo "2540"]

1.e4 c5 2.Nf3 Nc6 3.Bb5 Nf6 4.e5 Nd5 5.O-O g6 6.Bxc6 dxc6 7.h3 Bg7 8.d3 O-O
9.Re1 f5 10.Nbd2 Nc7 11.a3 h6 12.Nc4 g5 13.Be3 b6 14.b4 f4 15.Bd2 cxb4 16.axb4 Bf5
17.Qb1 Qd5 18.Nh2 Kh8 19.Bc3 Be6 20.Nd2 Qd7 21.Ndf3 Nb5 22.Bb2 Rfd8 23.c4 Nc7
24.Ra3 c5 25.bxc5 bxc5 26.Qa2 Qe8 27.d4 Nb5 28.Ra6 Nc7 29.Rxe6 Nxe6 30.d5 Qg6
31.dxe6 Qc2 32.Qa1 Rd3 33.Rc1 Qb3 34.Bc3 Qxc4 35.h4 gxh4 36.Nxh4 Qxe6 37.N2f3 c4
38.Ne1 Rd7 39.Qb1 Kg8 40.Ng6 Rad8 41.Nxf4 Qg4 42.Qe4 Rd1 43.Qxc4+ e6 44.f3 Qf5
45.Rxd1 Rxd1 46.Nxe6 Bxe5 47.Ng5+ Kf8 48.Bb4+ Kg7 49.Ne4 Qd7 50.Kf1 Qd5 51.Qe2 Rb1
52.Nc3 Bxc3 53.Bxc3+ Kf7 54.Qe3 Qc4+ 55.Kf2 Qh4+ 56.Kg1 Qe7 57.Qf4+ Ke8 58.Kf2 Qc5+
59.Bd4 Qd5 60.Qe3+ Kf7 61.Nd3 a5 62.Ne5+ Ke8 63.Ng4+ Kd8 64.Bb6+ Kc8 65.Qxh6 a4
66.Qh8+  1-0

[Event "ISR-chT"]
[Site "Israel"]
[Date "1996.??.??"]
[Round "2"]
[White "Finkel, Alexander"]
[Black "Yudasin, Leonid"]
[Result "0-1"]
[WhiteElo "2500"]
[BlackElo "2635"]

1.e4 c5 2.c3 Nf6 3.e5 Nd5 4.g3 Qc7 5.Qe2 Nc6 6.Nf3 e6 7.Bg2 Be7 8.O-O O-O
9.d3 Rd8 10.c4 Nb6 11.Nc3 d5 12.b3 d4 13.Nb5 Qb8 14.Bf4 Nd7 15.h4 a6 16.Nd6 Bxd6
17.exd6 h6 18.b4 cxb4 19.Rfe1 Qa7 20.Bh3 Nf8 21.Ne5 Nxe5 22.Qxe5 Ng6 23.Qa5 b6
24.Qxb4 a5 25.Qd2 Qd7 26.Bxh6 gxh6 27.h5 Nf8 28.Qxh6 Nh7 29.Re4 Kh8 30.Bf5 exf5
31.Re7 Ra7 32.Rae1 Kg8 33.R1e5 Rb7 34.Rxd7 Rbxd7 35.Rxf5 Rxd6 36.Qf4 Bxf5
37.Qxf5 Re6 38.a4 Rdd6 39.c5 bxc5 40.Qxc5 Ra6 41.g4 Nf6 42.Qg5+ Kh8 43.Qh6+ Nh7
44.Qf4 f6 45.Qxd4 Ng5 46.Qd8+ Kg7 47.Qc7+ Nf7 48.d4 Rad6 49.Qxa5 Rxd4 50.Qf5 Re5
51.Qg6+ Kf8 52.Qxf6 Rxg4+ 53.Kf1 Rxa4 54.h6 Ra1+ 55.Kg2 Rg5+ 56.Kf3 Rh1 57.Qb6 Rxh6
58.Qb8+ Kg7 59.Ke2 Rf6 60.Qc7 Kg6 61.Qc8 Re5+ 62.Kf1 Ref5 63.Qg8+ Kh5 64.Qg3 Ng5
65.Qe3 Rf4 66.Qc5 Kh4 67.Qa7 Ne4 68.Qh7+ Kg5 69.Qg8+ Kh4 70.Qh7+ Kg4 71.Qg8+ Kh3
72.Qc8+ Rg4 73.Qh8+ Rh4 74.Qc8+ Kh2 75.Qb8+ Rff4 76.f3 Nd2+ 77.Ke2 Nxf3 78.Ke3 Kg3
79.Qc7 Nd4 80.Qb8 Nf5+ 81.Kd3 Kg2 82.Qb2+ Rf2 83.Qb7+ Rf3+ 84.Kd2 Ng3 85.Qa8 Rd4+
86.Kc2 Re4 87.Kd2 Re2+ 88.Kd1 Re3 89.Kc2 Kg1 90.Qa7 Rf2+ 91.Kd1 Rb3 92.Kc1 Ne2+  0-1

[Event "ISR-chT"]
[Site "Israel"]
[Date "1996.??.??"]
[Round "3"]
[White "Yudasin, Leonid"]
[Black "Psakhis, Lev"]
[Result "1/2-1/2"]
[WhiteElo "2635"]
[BlackElo "2610"]

1.d4 e6 2.c4 Nf6 3.Nf3 b6 4.Nc3 Bb7 5.a3 Ne4 6.Nxe4 Bxe4 7.Nd2 Bb7 8.e4 d6
9.Bd3 g6 10.O-O Bg7 11.Nf3 c5 12.d5 exd5 13.exd5 O-O 14.Bg5 Qc7 15.Qd2 Re8
16.Bh6 Bh8 17.Rae1 Nd7 18.Ng5 Nf6 19.h3 Rxe1 20.Rxe1 Re8 21.a4 Rxe1+ 22.Qxe1 Bc8
23.b3 Qd8 24.g4 Bg7 25.Bxg7 Kxg7 26.Qe3 h6 27.Nf3 Qe8 28.Qf4 Qe7 29.Kg2 Bd7
30.Qd2 a5  1/2-1/2

[Event "ISR-chT"]
[Site "Israel"]
[Date "1996.??.??"]
[Round "4"]
[White "Sutovskij, Emil"]
[Black "Yudasin, Leonid"]
[Result "1/2-1/2"]
[WhiteElo "2545"]
[BlackElo "2635"]

1.e4 c5 2.Nf3 e6 3.Nc3 a6 4.d4 cxd4 5.Nxd4 d6 6.a4 Nf6 7.Be2 Be7 8.Be3 Qc7
9.a5 O-O 10.O-O Nbd7 11.Nb3 b5 12.axb6 Nxb6 13.Qd4 Nbd7 14.Rfd1 Nc5 15.Nb5 Qb8
16.Nxd6 Nxb3 17.cxb3 Bxd6 18.Qxd6 Nxe4 19.Qd4 Bb7 20.Bf3 Rd8 21.Qxd8+ Qxd8
22.Rxd8+ Rxd8 23.h3 h6 24.Bxe4 Bxe4 25.Rxa6 Rb8 26.Rb6  1/2-1/2

[Event "ISR-chT"]
[Site "Israel"]
[Date "1996.??.??"]
[Round "5"]
[White "Yudasin, Leonid"]
[Black "Soffer, Ram"]
[Result "1-0"]
[WhiteElo "2635"]
[BlackElo "2530"]

1.e4 c5 2.Nf3 Nc6 3.Bb5 g6 4.Bxc6 dxc6 5.h3 e5 6.d3 f6 7.Nc3 Nh6 8.Be3 Nf7
9.Nd2 b6 10.O-O Bg7 11.a3 f5 12.exf5 gxf5 13.f4 O-O 14.Qf3 Qf6 15.Nc4 exf4
16.Bxf4 Bd7 17.Kh1 Rae8 18.a4 Re6 19.Bh2 Qe7 20.Qg3 Ne5 21.Nxe5 Rxe5 22.Rae1 f4
23.Qf2 Re3 24.Ne4 Bd4 25.c3 Rxe1 26.Qxe1 Be3 27.Rf3 Rf7 28.Bxf4 Bxf4 29.Rxf4 Rxf4
30.Qg3+ Rg4 31.hxg4 c4 32.g5 cxd3 33.Qxd3 Bf5 34.Qc4+ Kg7 35.Nf6 Qe1+ 36.Kh2 Qe5+
37.g3 Be6 38.Qxc6 Qe2+ 39.Qg2 Qxg2+ 40.Kxg2 Kg6 41.Kf3 h6 42.Kf4 hxg5+ 43.Ke5 Bb3
44.a5 bxa5 45.Ng4 a4 46.Ne3 Kh5 47.Kf5 Bf7 48.c4 Bg6+ 49.Ke6  1-0

[Event "ISR-chT"]
[Site "Israel"]
[Date "1996.??.??"]
[Round "9"]
[White "Yudasin, Leonid"]
[Black "Uritzky, Maxim"]
[Result "1-0"]
[WhiteElo "2635"]
[BlackElo "2430"]

1.e4 c5 2.Nf3 d6 3.c3 Nf6 4.Bd3 Nc6 5.Bc2 Bg4 6.h3 Bxf3 7.Qxf3 g6 8.O-O Bg7
9.d3 O-O 10.Nd2 b5 11.a3 Rc8 12.Qe2 Nd7 13.Nf3 Nb6 14.Rd1 Qc7 15.Be3 a5 16.Bb3 a4
17.Ba2 Na5 18.h4 e6 19.h5 d5 20.hxg6 hxg6 21.Ng5 Nb3 22.Bxb3 axb3 23.Qf3 Qe7
24.Qh3 Rfd8 25.Qh7+ Kf8 26.Nf3 Qe8 27.e5 Nd7 28.Re1 Ra8 29.Bh6 Bxh6 30.Qxh6+ Ke7
31.Qh4+ Kf8 32.Ng5 Ra4 33.d4 cxd4 34.cxd4  1-0

[Event "ISR-chT"]
[Site "Israel"]
[Date "1996.??.??"]
[Round "11"]
[White "Yudasin, Leonid"]
[Black "Lahav, Ehud"]
[Result "1/2-1/2"]
[WhiteElo "2635"]
[BlackElo "2365"]

1.e4 c5 2.Nf3 d6 3.d4 cxd4 4.Nxd4 Nf6 5.Nc3 g6 6.Be3 Nc6 7.f3 Bg7 8.Qd2 O-O
9.Bc4 Bd7 10.h4 h5 11.O-O-O Ne5 12.Bb3 Rc8 13.Kb1 Nc4 14.Bxc4 Rxc4 15.Nde2 b5
16.Bd4 e5 17.Be3 b4 18.Nd5 Nxd5 19.Qxd5 Rc6 20.Qd2 Qa5 21.c4 Rxc4 22.Qd5 Qc7
23.Qxd6 Be6 24.b3 Rc6 25.Qxc7 Rxc7 26.Rd6 Re8 27.Rhd1 Bf8 28.Rd8 Rc8 29.Rxc8 Rxc8
30.Bxa7 f5 31.Nc1 Be7 32.Bf2 fxe4 33.fxe4 Rf8 34.Bg3 Bc8 35.Nd3 Rd8 36.Kc2 Bb7
37.Re1 Rd4 38.Nf2 Bd6 39.Rd1 Rxd1 40.Kxd1 Bc5 41.Nd3 Be7 42.Nxe5 Bxe4 43.Be1 Kg7
44.g3 Kf6 45.Nc4 g5 46.Ne3 gxh4 47.gxh4 Ke5 48.Nc2 Bxc2+ 49.Kxc2 Kd4  1/2-1/2

[Event "ISR-ch"]
[Site "Jerusalem"]
[Date "1996.??.??"]
[Round "1"]
[White "Yudasin, Leonid"]
[Black "Uritzky, Maxim"]
[Result "1-0"]
[WhiteElo "2595"]
[BlackElo "2420"]

1.e4 c5 2.Nf3 d6 3.c3 Nf6 4.Bd3 Nc6 5.Bc2 Bg4 6.d3 d5 7.Nbd2 e6 8.h3 Bh5
9.Qe2 Be7 10.Nf1 c4 11.dxc4 dxe4 12.Bxe4 Nxe4 13.Qxe4 Bg6 14.Qe3 Bd3 15.N1d2 Bf6
16.Ne4 Bxc4 17.Qc5 Bd5 18.Nd6+ Kf8 19.Nxb7+ Qe7 20.Bf4 Kg8 21.Nd6 Qc7 22.Ne5 Bxe5
23.Bxe5 Qb6 24.Qxb6 axb6 25.Bf4 e5 26.Be3 Rd8 27.Nf5 g6 28.Bg5 Rd7 29.Ne3 Kg7
30.O-O-O Be6 31.Rxd7 Bxd7 32.Rd1 Be6 33.Rd6 Rc8 34.Nd5 b5 35.Bf6+ Kf8 36.Nb6 Rc7
37.b3 h5 38.Kb2 Ke8 39.f3 Ne7 40.Bxe5 Rc6 41.Rxc6 Nxc6 42.Bf6 Ne7 43.a4 bxa4
44.Nxa4 Nf5 45.Nc5 Bd5 46.c4 Bc6 47.Bg5 f6 48.Bxf6 Ne3 49.Nd3 Nxg2 50.Ne5 Bb7
51.Bg5 h4 52.Kc3  1-0

[Event "ISR-ch"]
[Site "Jerusalem"]
[Date "1996.??.??"]
[Round "2"]
[White "Kogan, Artur"]
[Black "Yudasin, Leonid"]
[Result "1/2-1/2"]
[WhiteElo "2475"]
[BlackElo "2595"]

1.e4 c5 2.Nf3 d6 3.Nc3 Nf6 4.d4 cxd4 5.Nxd4 a6 6.Qf3 Qb6 7.Nb3 e6 8.g4 Nc6
9.g5 Nd7 10.Be3 Qc7 11.Qh3 g6 12.O-O-O b5 13.f4 Nc5 14.Nxc5 dxc5 15.e5 Bb7
16.Ne4 Be7 17.Bg2 Nd4 18.Bxd4 cxd4 19.Nd6+ Bxd6 20.exd6 Qb6 21.Bxb7 Qxb7
22.Qd3 Qd5 23.Qxd4 Qxd4 24.Rxd4 Kd7 25.h4 Rhc8 26.Rhd1 Rc5 27.a4 h6 28.c3 hxg5
29.hxg5 Rac8 30.Kc2 R8c6 31.axb5 Rxb5 32.b4 a5 33.Kb3 Rb7 34.Ra1 Rc5 35.Re1 axb4
36.cxb4 Rc6 37.Red1 Rcb6 38.R1d2 Rc6 39.Ra2 Rxd6 40.Rxd6+ Kxd6 41.Kc4 Rc7+
42.Kd4 Rd7 43.Ra5 Kc6+ 44.Ke5 Rb7 45.Rc5+ Kd7 46.b5 Ke7 47.Kd4 f6 48.Kc4 fxg5
49.Rxg5 Kf6 50.Kc5 Rc7+ 51.Kd6 Rc4 52.b6 Rxf4 53.Rb5 Rd4+ 54.Kc7 Rc4+ 55.Kd7 Rd4+
56.Ke8 Rh4 57.b7 Rh8+ 58.Kd7 g5 59.b8=Q Rxb8 60.Rxb8 g4 61.Kd6 Kf5 62.Kc5 Ke4
63.Kc4 g3 64.Kc3 g2 65.Rg8  1/2-1/2

[Event "ISR-ch"]
[Site "Jerusalem"]
[Date "1996.??.??"]
[Round "3"]
[White "Yudasin, Leonid"]
[Black "Mikhalevski, Victor"]
[Result "1/2-1/2"]
[WhiteElo "2595"]
[BlackElo "2500"]

1.e4 e5 2.Nf3 Nc6 3.Bb5 a6 4.Ba4 Nf6 5.d3 d6 6.c3 g6 7.O-O Bg7 8.Re1 O-O
9.h3 b5 10.Bb3 Na5 11.Bc2 c5 12.Nbd2 Nc6 13.Nf1 d5 14.exd5 Nxd5 15.Ng3 f5
16.a4 Bb7 17.Bb3 Kh8 18.axb5 axb5 19.Rxa8 Bxa8 20.Bg5 Qd7 21.Qd2 Nb6 22.Bh6 Bxh6
23.Qxh6 Qg7 24.Qxg7+ Kxg7 25.Nxe5 f4 26.Nf1 Re8 27.Nf3 Rxe1 28.Nxe1 Ne5 29.Nd2 g5
30.Kf1 Kf6 31.Ke2 h5 32.g3 fxg3 33.fxg3 h4 34.gxh4 gxh4 35.Ke3 c4 36.dxc4 bxc4
37.Bc2 Nd5+ 38.Kd4 Nf4 39.Be4 Bxe4 40.Nxe4+ Ke6 41.Ng5+ Kf6 42.Ngf3 Neg6
43.Kxc4 Nxh3 44.Ng2 Nf2 45.Ngxh4 Nd1 46.b3 Nf4 47.Nd2 Ne2 48.Nb1 Nb2+ 49.Kd5 Nd3
50.Kc4 Ne5+ 51.Kb5 Nd7 52.Ka5 Ke5 53.Nf3+ Ke4 54.Nfd2+ Ke3 55.Nc4+ Ke4 56.b4 Nxc3
57.Nxc3+ Kd4 58.b5 Kxc4 59.Na4 Ne5 60.b6 Nf7 61.Nb2+ Kd4 62.Kb5 Kd5 63.Nc4 Nd8
64.Na5 Nf7 65.Nb7 Ne5 66.Na5 Nd7 67.b7 Kd6 68.Nb3 Kc7 69.Ka6 Kb8  1/2-1/2

[Event "ISR-ch"]
[Site "Jerusalem"]
[Date "1996.??.??"]
[Round "4"]
[White "Bruk, Ofer"]
[Black "Yudasin, Leonid"]
[Result "0-1"]
[WhiteElo "2420"]
[BlackElo "2595"]

1.Nf3 b6 2.g3 c5 3.Bg2 Bb7 4.O-O g6 5.d4 Nf6 6.c4 cxd4 7.Qxd4 Bg7 8.Nc3 d6
9.b3 Nbd7 10.Bb2 Rc8 11.Rac1 O-O 12.Rfd1 a6 13.Qe3 Re8 14.Ba1 Rc7 15.Nd4 Bxg2
16.Kxg2 Rc5 17.Qf3 Qc8 18.Na4 Rc7 19.Nc3 Bh6 20.e3 Rc5 21.Qe2 d5 22.cxd5 Nxd5
23.Qd3 Qb7 24.Nf3 N5f6 25.Qe2 Rf5 26.e4 Rc5 27.Rb1 Rec8 28.Rd3 b5 29.a3 e6
30.Rbd1 Bf8 31.Kg1 R5c7 32.b4 Ng4 33.Nb1 Be7 34.h3 Ngf6 35.Nc3 Nb6 36.Nd2 h5
37.h4 Ng4 38.f4 Nc4 39.Nxc4 Rxc4 40.Bb2 a5 41.bxa5 Qa7+ 42.Kg2 Qxa5 43.Qd2 Bf6
44.Nd5 Qxd2+  0-1

[Event "ISR-ch"]
[Site "Jerusalem"]
[Date "1996.??.??"]
[Round "5"]
[White "Vydeslaver, Alik"]
[Black "Yudasin, Leonid"]
[Result "0-1"]
[WhiteElo "2440"]
[BlackElo "2595"]

1.e4 c6 2.d4 d5 3.Nd2 dxe4 4.Nxe4 Nd7 5.Nf3 Ngf6 6.Nxf6+ Nxf6 7.Ne5 Bf5 8.Bc4 e6
9.c3 Be7 10.O-O h6 11.Re1 O-O 12.Qf3 Nd5 13.Bd3 Bxd3 14.Nxd3 Bg5 15.Qg3 Bxc1
16.Raxc1 Rc8 17.Rcd1 Ne7 18.Nc5 Nf5 19.Qf4 Qc7 20.Qxc7 Rxc7 21.Kf1 Rd8 22.Nd3 Kf8
23.Ne5 Ke7 24.Ke2 h5 25.Rd2 g5 26.Nd3 b6 27.a4 c5 28.dxc5 bxc5 29.Red1 f6
30.f3 Rb8 31.Nf2 Nh4 32.g3 Ng6 33.Nd3 a5 34.Ke3 c4 35.Nf2 Rcb7 36.f4 gxf4+
37.gxf4 f5 38.Rg1 Kf6 39.Nd1 Ne7 40.Kf3 h4 41.Rg5 Ng6 42.Rdg2 Rg7 43.h3 e5
44.Rd2 Nxf4 45.Rxg7 Kxg7 46.Ne3 Kf6 47.Rd6+ Kg5 48.Nxc4 e4+ 49.Ke3 Nxh3 50.Rd5 Nf4
51.Rxa5 h3 52.Nd6 h2 53.Nxe4+ Kh4 54.Rxf5 Ng2+ 55.Kd4 h1=Q 56.Rh5+ Kxh5 57.Ng3+ Kg4
58.Nxh1 Rxb2 59.Kc5 Nf4 60.a5 Rh2 61.a6 Rxh1 62.Kc6 Ra1 63.Kb7 Ne6 64.a7 Nd8+  0-1

[Event "ISR-ch"]
[Site "Jerusalem"]
[Date "1996.??.??"]
[Round "6"]
[White "Yudasin, Leonid"]
[Black "Finkel, Alexander"]
[Result "1-0"]
[WhiteElo "2595"]
[BlackElo "2505"]

1.e4 g6 2.d4 Bg7 3.Nf3 d6 4.c3 Nf6 5.Bd3 O-O 6.O-O Nc6 7.Re1 e5 8.h3 Re8
9.d5 Nb8 10.c4 a5 11.Nc3 Na6 12.a3 Nh5 13.b4 Nf4 14.Bc2 Bd7 15.Rb1 Qc8 16.Ne2 Nxe2+
17.Rxe2 axb4 18.axb4 Bf8 19.Be3 c5 20.dxc6 bxc6 21.b5 cxb5 22.cxb5 Nc5 23.Bxc5 dxc5
24.Rd2 Be6 25.b6 Qb7 26.Ba4 Reb8 27.Ng5 Bh6 28.Nxe6 Bxd2 29.Nxc5 Qc8 30.Nd7 Ba5
31.Qd6 Rb7 32.Bc6 Rxd7 33.Qxd7 Qxd7 34.Bxd7 Kf8 35.b7 Rb8 36.Bc8 Ke7 37.Rd1 Bb6
38.Rd7+ Ke8 39.Kf1 h5 40.Ke2 Ba7 41.f3  1-0

[Event "ISR-ch"]
[Site "Jerusalem"]
[Date "1996.??.??"]
[Round "7"]
[White "Yudasin, Leonid"]
[Black "Psakhis, Lev"]
[Result "1/2-1/2"]
[WhiteElo "2595"]
[BlackElo "2590"]

1.e4 e6 2.d3 c5 3.Nf3 Nc6 4.g3 d5 5.Nbd2 Nf6 6.Bg2 Be7 7.O-O b6 8.Re1 Bb7
9.c3 Qc7 10.Qe2 O-O 11.Nf1 b5 12.Bf4 Qb6 13.e5 Nd7 14.h4 b4  1/2-1/2

[Event "ISR-ch"]
[Site "Jerusalem"]
[Date "1996.??.??"]
[Round "8"]
[White "Kanstler, Boris"]
[Black "Yudasin, Leonid"]
[Result "1/2-1/2"]
[WhiteElo "2455"]
[BlackElo "2595"]

1.c4 c5 2.Nc3 Nc6 3.g3 g6 4.Bg2 Bg7 5.e3 e6 6.Nge2 Nge7 7.O-O O-O 8.d4 cxd4
9.exd4 d5 10.cxd5 Nxd5 11.Nxd5 exd5 12.Be3 Bg4 13.h3 Bxe2 14.Qxe2 Nxd4  1/2-1/2

[Event "EUCup Gr1"]
[Site "Kranevo"]
[Date "1996.??.??"]
[Round "?"]
[White "Atalik, Suat"]
[Black "Yudasin, Leonid"]
[Result "1/2-1/2"]
[WhiteElo "2525"]
[BlackElo "2595"]

1.d4 Nf6 2.Nf3 e6 3.g3 b5 4.Bg2 Bb7 5.O-O c5 6.Na3 Qb6 7.c4 b4 8.Nb5 a6 9.dxc5 Bxc5
10.Nbd4 Ne4 11.Be3 O-O 12.Qd3 d6 13.a3 Nd7 14.axb4 Qxb4 15.Nc2 Qb6 16.b4 Bxe3
17.Nxe3 Rfd8 18.Qd4  1/2-1/2

[Event "ISL-ISR"]
[Site "Reykjavik"]
[Date "1996.??.??"]
[Round "2"]
[White "Petursson, Margeir"]
[Black "Yudasin, Leonid"]
[Result "1-0"]
[WhiteElo "2585"]
[BlackElo "2635"]

1.c4 c5 2.Nf3 Nf6 3.Nc3 e6 4.e3 Nc6 5.d4 d5 6.a3 cxd4 7.exd4 Ne4 8.Bd3 Nxc3
9.bxc3 dxc4 10.Bxc4 Be7 11.O-O O-O 12.Re1 b6 13.Bd3 Bb7 14.h4 Bxh4 15.Nxh4 Qxh4
16.Re3 g6 17.Rg3 Qe7 18.Bh6 Rfe8 19.Qh5 Qc7 20.Qh4 f5 21.Re1 Na5 22.Rge3 Qd8
23.Qg3 Qf6 24.Bb5 Bd5 25.Bxe8 Rxe8 26.Qd6 Qd8 27.Qf4 Nc4 28.Rg3 Qd6 29.Qh4 Qe7
30.Bg5 Qxa3 31.Rh3 h5 32.Qg3 Kf7 33.Qc7+ Kg8 34.Rg3 Qf8 35.Qxa7 Ra8 36.Qc7 Qf7
37.Qf4 Kh7 38.Rd3 Ra3 39.Qg3 Qa7 40.Rdd1 b5 41.Bf4 Qe7 42.Bg5 Qb7 43.Rb1 Ra5
44.Bc1 Qe7 45.Qf4 Qg7 46.Qg5 Qf8 47.Bf4 Nd6 48.f3 Nf7 49.Qf6 Qg7 50.Rxe6 Bxe6
51.Qxe6 Ra3 52.Rxb5 Rxc3 53.Rd5 g5 54.Rd7 Kg8 55.Be5  1-0

[Event "Rishon Le Ziyyon"]
[Site "Rishon Le Ziyyon"]
[Date "1996.??.??"]
[Round "2"]
[White "Yudasin, Leonid"]
[Black "Shmuter, Leonid"]
[Result "1-0"]
[WhiteElo "2635"]
[BlackElo "2490"]

1.e4 c5 2.Nf3 d6 3.d4 cxd4 4.Nxd4 Nf6 5.Nc3 Nc6 6.Bc4 Qb6 7.Nb3 e6 8.O-O Be7
9.Be3 Qc7 10.f4 a6 11.Bd3 b5 12.Qf3 O-O 13.Rae1 Nd7 14.Qh3 Nb4 15.Rf3 Bf6
16.Rg3 g6 17.Rf1 Nxd3 18.cxd3 b4 19.Nd1 Nb6 20.Nf2 Bg7 21.Qh4 f5 22.Rc1 Qb8
23.Rh3 h6 24.exf5 e5 25.Rxc8 Qxc8 26.Bxb6 Rxf5 27.fxe5 Rxe5 28.Ng4 Rh5 29.Nf6+ Bxf6
30.Qxf6 Qe8 31.Re3 Qf7 32.Qxd6 Rf5 33.h3 Re8 34.Rxe8+ Qxe8 35.Bd4 a5 36.Nc5 Qf7
37.Be5 g5 38.Ne4  1-0

[Event "Rishon Le Ziyyon"]
[Site "Rishon Le Ziyyon"]
[Date "1996.??.??"]
[Round "3"]
[White "Manor, Ilan"]
[Black "Yudasin, Leonid"]
[Result "1/2-1/2"]
[WhiteElo "2510"]
[BlackElo "2635"]

1.e4 c5 2.c3 Nf6 3.e5 Nd5 4.Nf3 Nc6 5.Bc4 Nb6 6.Bb3 d5 7.exd6 Qxd6 8.Na3 a6
9.O-O Bf5 10.d4 cxd4 11.Nxd4 Nxd4 12.cxd4 e6 13.Qf3 Qd7 14.Bf4 Bxa3 15.bxa3 O-O
16.Rad1 Nd5 17.Bxd5 exd5 18.Rc1 Rac8 19.Rxc8 Rxc8 20.Rc1 Rxc1+ 21.Bxc1 Qc6
22.Be3 Bd3 23.Qd1 Bc4 24.Qc2 h6 25.h3 Qd6 26.Qb2 b6 27.a4 a5 28.a3 Kf8 29.Qc1 Qc6
30.Qc2 Qf6 31.Qd2 Qf5 32.Qc1 Ke7 33.Qb2 Qg6 34.Bf4 Kd7 35.Bg3 Kc6 36.Qd2 Qe4
37.f3 Qe7 38.Qf4 Bb3 39.Qb8 Bxa4 40.Qa8+ Qb7 41.Qxb7+ Kxb7 42.Bd6 h5 43.Kf2 Bb3
44.h4 Kc6 45.Be7 Kd7 46.Bf8 g6 47.Ke3 Bc4 48.g3 b5 49.Bc5 b4 50.axb4 a4 51.b5 Bxb5
52.f4 Ke6 53.Ba3 Bf1 54.Bc5 Bg2 55.Ba3 Be4 56.Bc5 Bb1  1/2-1/2

[Event "Rishon Le Ziyyon"]
[Site "Rishon Le Ziyyon"]
[Date "1996.??.??"]
[Round "4"]
[White "Yudasin, Leonid"]
[Black "Greenfeld, Alon"]
[Result "0-1"]
[WhiteElo "2635"]
[BlackElo "2560"]

1.e4 c5 2.Nf3 d6 3.d4 cxd4 4.Nxd4 Nf6 5.Nc3 Nc6 6.Bg5 e6 7.Qd2 a6 8.O-O-O h6
9.Be3 Be7 10.f3 Nxd4 11.Qxd4 b5 12.Kb1 Qa5 13.e5 dxe5 14.Qxe5 Bb7 15.Bd3 Rc8
16.Bd4 O-O 17.Be4 Bxe4 18.Nxe4 Rfd8 19.Qg3 Ne8 20.Rd3 Qc7 21.Qf2 Rd5 22.Bb6 Qe5
23.Bd4 Qc7 24.h3 b4 25.Rhd1 f5 26.Bb6 Rxd3 27.Rxd3 Qc6 28.Ng3 Bh4 29.f4 Nf6
30.Nxf5 exf5 31.g3 Ne4  0-1

[Event "Rishon Le Ziyyon"]
[Site "Rishon Le Ziyyon"]
[Date "1996.??.??"]
[Round "8"]
[White "Yudasin, Leonid"]
[Black "Polgar, Sofia"]
[Result "1-0"]
[WhiteElo "2635"]
[BlackElo "2495"]

1.e4 e5 2.Nf3 Nc6 3.Bc4 Bc5 4.c3 Nf6 5.b4 Bb6 6.d3 d6 7.a4 a6 8.O-O Ne7 9.Re1 O-O
10.Nbd2 Ng6 11.d4 Be6 12.Bf1 Re8 13.h3 c6 14.Bb2 Qe7 15.c4 exd4 16.Nxd4 Qd8
17.Qc2 Nf4 18.N2f3 N6h5 19.Qd2 Qd7 20.Kh2 Ng6 21.Rad1 Rad8 22.g3 Ne5 23.Qc3 Qe7
24.c5 Qf6 25.Bg2 Nxf3+ 26.Bxf3 d5 27.Bxh5 Qxf2+ 28.Kh1 Bxh3 29.Qf3 Qxf3+
30.Bxf3 dxe4 31.Bxe4 Bc7 32.Bf5 Bxf5 33.Rxe8+ Rxe8 34.Nxf5 f6 35.Bc3 Be5
36.Re1  1-0

[Event "Petrov mem"]
[Site "St Petersburg"]
[Date "1996.??.??"]
[Round "2"]
[White "Andreev, Konstantin"]
[Black "Yudasin, Leonid"]
[Result "0-1"]
[WhiteElo "2310"]
[BlackElo "2635"]

1.d4 Nf6 2.c4 e6 3.Nc3 Bb4 4.Nf3 c5 5.g3 Ne4 6.Qd3 cxd4 7.Nxd4 Nxc3 8.bxc3 Bc5
9.Be3 d6 10.Nb5 Nc6 11.Rd1 O-O 12.Bxc5 dxc5 13.Qxd8 Rxd8 14.Rxd8+ Nxd8 15.Bg2 Kf8
16.O-O Ke7 17.Rd1 Bd7 18.f4 Bc6 19.e4 f6 20.Nd6 Rb8 21.h4 b6 22.f5 a6 23.fxe6 g6
24.e5 fxe5 25.Bxc6 Nxc6 26.Ne4 Kxe6 27.Rd6+ Kf5 28.Nf6 Na5 29.Nd7 Rd8 30.Rf6+ Kg4
31.Nxe5+ Kxg3 32.Rf3+ Kxh4 33.Kf2 Re8 34.Re3 Rf8+ 35.Kg2 Rf4 36.Rh3+ Kg5
37.Rxh7 Nxc4 38.Nf3+ Kg4 39.Ne1 Ne3+ 40.Kh2 Rf2+  0-1